000 00752cam a2200241 a 4500
001 000004232
003 DO-SdBNP
005 20251029112158.0
008 920904s1991 sp c b 001 0bspa
020 _a9800706070
040 _aDO-SdBNP
_cDLC
_dBNPHU
082 _a796.357092
_bC266p
100 1 _aCárdenas Lares, Carlos
_912505
245 1 1 _a¡Play ball! :
_bvida y anécdotas de Roberto "Tarzan" Olivo /
_cCarlos Cárdenas Lares.
260 _aCaracas :
_bFondo,
_c1991.
300 _a200 p. :
_bretrs. ;
_c25 cm.
504 _aIncluye referencias bibliográficas: (p. 200).
600 1 4 _aOlivo, Roberto,
_d1914-
_912507
650 4 _aBéisbol
_zVenezuela
_912506
910 _aCatalogación por copia / LC
910 _aWM
942 _2ddc
_cLBS1
999 _c4046
_d4046